Statistics for Fifa World Cup 2010 - All Game Results

Click here to take the quiz!

General Stats

  • This quiz has been taken 53 times
  • The average score is 34 of 72

Answer Stats

STAGETEAM 1TEAM 2ANSWER% Correct
Group ASouth Africa Mexico1–1
98%
Uruguay France0–0
74%
South Africa Uruguay0–3
72%
Group CEngland United States1–1
67%
Mexico Uruguay0–1
67%
France South Africa1–2
67%
France Mexico0–2
65%
England Algeria0–0
65%
Brazil North Korea2–1
63%
Slovakia Italy3–2
63%
United States Algeria1–0
63%
Slovenia England0–1
61%
Spain Switzerland0–1
61%
Algeria Slovenia0–1
61%
Group FItaly Paraguay1–1
61%
Portugal Brazil0–0
61%
Italy New Zealand1–1
61%
Group HHonduras Chile0–1
59%
Group ENetherlands Denmark2–0
59%
New Zealand Slovakia1–1
59%
Portugal North Korea7–0
59%
Spain Honduras2–0
59%
Chile Spain1–2
59%
Chile Switzerland1–0
57%
North Korea Ivory Coast0–3
57%
Germany Australia4–0
57%
Group DSerbia Ghana0–1
57%
Argentina Nigeria1–0
57%
Switzerland Honduras0–0
57%
Ghana Germany0–1
57%
Brazil Ivory Coast3–1
54%
Paraguay New Zealand0–0
54%
Ghana Australia1–1
54%
Slovenia United States2–2
54%
Denmark Japan1–3
54%
Cameroon Denmark1–2
54%
Netherlands Japan1–0
54%
Japan Cameroon1–0
54%
Germany Serbia0–1
54%
Round of 16Uruguay South Korea2-1
52%
Group GIvory Coast Portugal0–0
52%
Argentina South Korea4–1
52%
Group BSouth Korea Greece2–0
52%
Greece Argentina0–2
50%
Slovakia Paraguay0–2
48%
Australia Serbia2–1
48%
Nigeria South Korea2–2
48%
Greece Nigeria2–1
48%
Cameroon Netherlands1–2
48%
Spain Portugal1-0
46%
Germany Spain0-1
43%
Quarter-finalsUruguay Ghana1-1 (4-2 pen.)
43%
Third place finalUruguay Germany2-3
41%
Netherlands Brazil2-1
41%
Paraguay Spain0-1
39%
Paraguay Japan0-0 (5-3 pen.)
39%
Semi-finalsUruguay Netherlands2-3
39%
Argentina Germany0-4
39%
Germany England4-1
35%
Argentina Mexico3-1
35%
Brazil Chile3-0
35%
Netherlands Slovakia2-1
33%
FinalNetherlands Spain0-1 aet
22%
United States Ghana1-2 aet
15%
zzzz
0%
zzzz
0%
zzzz
0%
zzzz
0%
zzzz
0%
zzzz
0%
zzzz
0%
zzzz
0%

Score Distribution

Percentile by Number Answered

Percent of People with Each Score

Your Score History

You have not taken this quiz